书目信息 |
| 题名: |
中国转型期农村社会风险管理机制研究
|
|
| 作者: | 哈斯其其格 著 | |
| 分册: | ||
| 出版信息: | 成都 西南财经大学出版社 2015 |
|
| 页数: | 258页 | |
| 开本: | 21cm | |
| 丛书名: | 博士文库 | |
| 单 册: | ||
| 中图分类: | C912.82 | |
| 科图分类: | ||
| 主题词: | 农村--社会管理--风险管理--研究--中国 | |
| 电子资源: | ||
| ISBN: | 978-7-5504-1667-3 | |
| 000 | 01076oam2 2200265 450 | |
| 001 | 012001004591 | |
| 005 | 20180929095345.62 | |
| 010 | @a978-7-5504-1667-3@dCNY53.50 | |
| 100 | @a20151101d2015 kemy0chiy50 ea | |
| 101 | 0 | @achi@deng |
| 102 | @aCN@b510000 | |
| 105 | @ay v 000yy | |
| 106 | @ar | |
| 200 | 1 | @a中国转型期农村社会风险管理机制研究@9zhong guo zhuan xing qi nong cun she hui feng xian guan li ji zhi yan jiu@f哈斯其其格著 |
| 205 | @a2版 | |
| 210 | @a成都@c西南财经大学出版社@d2015 | |
| 215 | @a258页@d21cm | |
| 225 | @a博士文库 | |
| 330 | @a本书在对国内社会风险管理理论实践系统梳理总结的基础上,对我国转型期农村社会风险管理的理论及政策问题进行了较为系统的探讨。内容包括:社会风险的理论基础、社会风险管理机制的理论框架、农村社会风险管理的国际借鉴与启示、中国转型期农村社会风险管理机制设计与政策建议等。 | |
| 461 | 0 | @12001 @a博士文库 |
| 606 | 0 | @a农村@x社会管理@x风险管理@x研究@y中国 |
| 690 | @aC912.82@v5 | |
| 701 | 0 | @c(蒙族)@a哈斯其其格@9ha si qi qi ge@f(1972-)@4著 |
| 801 | 0 | @aCN@b上海新华@c20180901 |
| 905 | @b1171012-6@dC912.82@e1532=2@f5 | |
| 中国转型期农村社会风险管理机制研究/哈斯其其格著.-2版.-成都:西南财经大学出版社,2015 |
| 258页;21cm.-(博士文库) |
| ISBN 978-7-5504-1667-3:CNY53.50 |
| 本书在对国内社会风险管理理论实践系统梳理总结的基础上,对我国转型期农村社会风险管理的理论及政策问题进行了较为系统的探讨。内容包括:社会风险的理论基础、社会风险管理机制的理论框架、农村社会风险管理的国际借鉴与启示、中国转型期农村社会风险管理机制设计与政策建议等。 |
| ● |
| 相关链接 |
|
|
|
|
正题名:中国转型期农村社会风险管理机制研究
索取号:C912.82/1532=2
 
预约/预借
| 序号 | 登录号 | 条形码 | 馆藏地/架位号 | 状态 | 备注 |
| 1 | 1171012 | 211710120 | 第一样本阅览室/ [索取号:C912.82/1532=2] | 在馆 | |
| 2 | 1171013 | 211710139 | 第一借阅区/ [索取号:C912.82/1532=2] | 在馆 | |
| 3 | 1171014 | 211710148 | 第一借阅区/ [索取号:C912.82/1532=2] | 在馆 | |
| 4 | 1171015 | 211710157 | 第一借阅区/ [索取号:C912.82/1532=2] | 在馆 | |
| 5 | 1171016 | 211710166 | 密集书库-海洋学院/ [索取号:C912.82/1532=2] | 在馆 |